000 00418nam a2200193Ia 4500
005 20250603145243.0
008 250603s9999 xx 000 0 und d
020 _a9789351453246
050 _aKN 30 .G3/
100 _aGandhi, B.M
245 0 _aLaw of torts
250 _a3rd ed.
260 _aIndia
260 _bEastern book company
260 _c2016
300 _a523 p
650 _aIndia
942 _cBK
999 _c41323
_d41323